Derecho cooperativo chileno

Salvato in:
Dettagli Bibliografici
Autore principale: Rodríguez Velasco, José Antonio (Autore)
Ente Autore: Pontificia Universidad Católica de Chile. Facultad de Ciencias Jurídicas Políticas y Sociales (Autore)
Natura: Libro
Lingua:spagnolo
Pubblicazione: Santiago Jurídica de Chile 1968
Serie:Memoria, 32
Soggetti:
Tags: Aggiungi Tag
Nessun Tag, puoi essere il primo ad aggiungerne!!

MARC

LEADER 00000nam a2200000 a 4500
001 UCS1990
003 CL-VaPUC
008 970516e19680000CL |||||||||||||||||spa|d
082 0 4 |a 346.066  |b ROD  |2 21 
100 0 |a Rodríguez Velasco, José Antonio  |e author  |9 386922 
110 2 |a Pontificia Universidad Católica de Chile. Facultad de Ciencias Jurídicas Políticas y Sociales  |e author  |9 386923 
245 1 0 |a Derecho cooperativo chileno 
300 |a 278 p 
942 |c BK 
945 |d 19970516 00:00:00  |a cmena 
260 |a Santiago  |b Jurídica de Chile  |c 1968 
650 0 |a Derecho comercial   |9 256340 
650 7 |a SOCIEDADES COLECTIVAS  |2 CL-VaPUC  |9 386924 
650 0 |a Cooperativas  |9 319869 
650 7 |a DERECHO CHILENO  |2 CL-VaPUC  |9 386925 
650 7 |a LEGISLACION  |2 CL-VaPUC  |9 386926 
650 0 |a Derechos y priviliegios  |9 338404 
651 7 |a CHILE  |2 CL-VaPUC  |9 386927 
583 |a last modification  |c 19970516 00:00:00  |k Rodrigo Vera 
490 0 |a Memoria, 32 
999 |c 259990  |d 259988 
952 |0 0  |1 0  |4 0  |6 346_066000000000000_ROD_1968  |7 0  |8 P  |9 285535  |a BIBDER  |b BIBDER  |d 2019-11-19  |i 1854801  |o 346.066 ROD 1968  |p 1854801  |r 2023-01-25  |w 2019-11-19  |y BK  |k DER